| 000 | 004440000a22001810004500 | ||
|---|---|---|---|
| 003 | MACL | ||
| 005 | 20160109121059.0 | ||
| 008 | 160109b xxu||||| |||| 00| 0 eng d | ||
| 040 |
_aMACL _cMACL |
||
| 041 | _aEnglish | ||
| 082 | _a920/SHE | ||
| 100 |
_aSheem, Vincent _930214 |
||
| 245 |
_aNehru _bThe Years of power |
||
| 260 |
_bVictor Gollancz Ltd _c1960 _aLondon |
||
| 350 | _a14 | ||
| 650 |
_aBiography _930215 |
||
| 942 |
_cBK _k920/SHE _2ddc |
||
| 999 |
_c35839 _d35839 |
||